000 00775nam a22002537a 4500
003 UA-OsUOA
001 543
007 ta
008 20050608b un ||||| |||| 00| 0 ukr d
100 _aЧуприна В.
700 _aЧуприна З.
090 _a94(477)042
_bЧ-92
942 _cBK
040 _aUA-OsUOA
_bukr
_cUA-OsUOA
_dUA-OsUOA
245 _aХмельниччина 1648-1657
_bВизвольна війна українгського народу під проводом Б. Хмельницького
300 _a176 с.
955 _a2
041 _aukr
080 _a94(477)042
020 _a966-603-064-0
260 _aЛьвів
_bСвіт
_c2003
650 7 _a9 Географія. Біографії. Історія
_2UDC
999 _c286710
_d286710